| 000 | 00782nam a2200241 i 4500 | ||
|---|---|---|---|
| 001 | bg | ||
| 003 | BPK | ||
| 005 | 20200728092022.0 | ||
| 008 | s1974 pl f f |000 0 pol | ||
| 040 | _cBPK | ||
| 041 | _apol | ||
| 080 | _a621.3 | ||
| 080 | _a(075.8) | ||
| 100 | 1 |
_aKrakowski, Maciej _d(1924-2004). |
|
| 245 | 0 |
_aPodstawy elektrotechniki: _bdla studentów studium wieczorowego i zaocznego. _nCz. 1 / _cMaciej Krakowski, Andrzej Koszmider. |
|
| 250 | _aWyd.3 popr. | ||
| 260 |
_aŁódz, _c1973. |
||
| 655 | _aPodręczniki akademickie | ||
| 650 | 4 | _aElektrotechnika | |
| 700 | 1 |
_aKoszmider, Andrzej _d(1935- ) _eAutor |
|
| 856 |
_uhttp://koha.tu.koszalin.pl/cgi-bin/koha/opac-detail.pl?biblionumber=25843 _yKatalog online BPK |
||
| 942 |
_cKS _2UKD |
||
| 999 |
_c25843 _d25843 |
||